| 000 | 00374nam a22001577a 4500 | ||
|---|---|---|---|
| 020 | _a9788131702291 | ||
| 082 |
_a005.133 _bTEN/DA |
||
| 100 |
_aTenenbaum,Aaron M. _91332 |
||
| 100 |
_aLangsam,Yedidyah _91333 |
||
| 100 |
_aAugenstein,Moshe J. _91334 |
||
| 245 | _aData Structures Using C | ||
| 250 | _a1 | ||
| 260 |
_aNoida _bPearson _c2011 |
||
| 300 | _a656 | ||
| 942 | _cBBS | ||
| 999 |
_c14745 _d14745 |
||